| 000 | 00627nam a2200181Ia 4500 | ||
|---|---|---|---|
| 008 | 090124s9999 xx 000 0 und d | ||
| 082 | _b27122 | ||
| 100 | _aकृष्णमूर्ती जे. | ||
| 245 | _a अंतरंगाचा बहर | ||
| 250 | _a1 | ||
| 260 |
_bकृष्णमूर्ति फाउंडेशन इंडिया _c1983 |
||
| 300 | _a23 | ||
| 600 | _aकृष्णमूर्ती जे. | ||
| 630 | _a अंतरंगाचा बहर | ||
| 700 | _aकृष्णमूर्ती जे. | ||
| 730 | _a अंतरंगाचा बहर | ||
| 942 | _cBOOK | ||
| 999 |
_c96110 _d96110 |
||